000 00263nam a2200109Ia 4500
008 190216s9999||||xx |||||||||||||| ||und||
100 _aSharma
245 0 _aKunchan Nambiarum Adehathinde Krithikalum
260 _bNbs Kottayam
650 _aKavithkal
942 _cBK
999 _c25390
_d25390